| 000 | 01372cam a2200325 i 4500 | ||
|---|---|---|---|
| 999 |
_c7659 _d7659 |
||
| 001 | 991060740797706706 | ||
| 003 | OSt | ||
| 005 | 20230322141239.0 | ||
| 008 | 221024e202209 spc|||||-|||||0|| 0-spa|c | ||
| 015 |
_aLL2022 _2bnc |
||
| 017 |
_aDL B 14967-2022 _bBiblioteca de Catalunya |
||
| 020 | _a9788418857898 | ||
| 040 |
_aES-BaUAB _bcat _erda _cCDMR |
||
| 080 |
_a070Vilaweb _x(083.824) _22004 |
||
| 080 |
_a070(0.34.2) _x(460.23) _x(083.824) _22004 |
||
| 080 |
_a070:32 _x(460.23) _x(083.824) _22004 |
||
| 100 | 1 | _aMaresma, Assumpció, | |
| 245 | 1 | 0 |
_aRevolució VilaWeb : _btecnologia, periodisme, societat i país : com una revolució tecnològica desencadena una revolució cultural que té repercussions polítiques en els mitjans / _ctexts: Assumpció Maresme, Vicent Partal ; idea, guió i disseny: Julià Guillamon, Albert Planas ; correcció de texts: Jordi Badia |
| 264 | 1 |
_aBarcelona : _bComanegra, _c2022 |
|
| 300 |
_a135 pàgines ; _c24 cm |
||
| 505 | _aCatàleg de l'exposició celebrada al Palau Robert del 19 de maig al 25 de setembre de 2022 | ||
| 630 | 0 | 7 |
_aVilaweb _vExposicions. _2lemac |
| 650 | 0 |
_aPremsa digital _zCatalunya _vExposicions. _2lemac _93188 |
|
| 650 | 7 |
_aPremsa i política _zCatalunya _vExposicions. _2lemac |
|
| 700 | 1 |
_aPartal, Vicent _93242 |
|
| 700 | 1 | _aGuillamon, Julià, | |
| 908 |
_aUAB _aBC |
||
| 940 | _aUAB | ||
| 942 |
_2udc _cMON |
||